| 000 | 01208nam a22002657a 4500 | ||
|---|---|---|---|
| 005 | 20260304103306.0 | ||
| 008 | 240815b ||||| |||| 00| 0 eng d | ||
| 082 | _aDPer 155.205 J826 April-June 2020 v. 118 n. 4-6 | ||
| 100 |
_aBleidorn, Wiebke. _eauthor. _957852 |
||
| 245 |
_aThe healthy personality from a basic trait perspective / _cWiebke Bleidorn, Christopher J. Hopwood, Edward A. Witt, Rainer Riemann, Robert A. Ackerman, Christian Kandler, and Douglas B. Samuel. |
||
| 260 |
_aWashington ; _bAmerican Psychological Association , _cJune 2020. |
||
| 300 |
_aVolume 118, pages 1207-1225 : _billustration ; _c28 cm. |
||
| 500 | _aJournal of Personality and Social Psychology, vol. 118, no. 6, pages 1207-1225, June 2020. | ||
| 650 |
_aPersonality. _960314 |
||
| 650 |
_aHealth. _960315 |
||
| 650 |
_aPerception. _960316 |
||
| 700 |
_aBleidorn, Wiebke. _eauthor. _957852 |
||
| 700 |
_aHopwood, Christopher J. _eauthor. _957853 |
||
| 700 |
_aWitt, Edward A. _eauthor. _957854 |
||
| 700 |
_aRiemann, Rainer. _eauthor. _957855 |
||
| 700 |
_aAckerman, Robert A. _eauthor. _957856 |
||
| 700 |
_aKandler, Christian. _eauthor. _957857 |
||
| 700 |
_aSamuel, Douglas B. _eauthor. _957858 |
||
| 942 |
_2ddc _cPER |
||
| 999 |
_c20484 _d20484 |
||